000 00964nam a2200241Ia 4500
999 _c3303
_d3303
003 OSt
005 20200619153653.0
008 191128t2008 ck a gr 000 j spa d
020 _a9789583027000
040 _aCO-JMCR
_cCO-JMCR
041 _aspa
082 0 4 _aH /
_bROMp
100 1 _aRoman, Annette,
_eautora
_95861
245 1 0 _aPobreza :
_bun rayo de luz /
_cAnnette Roman
250 _aPrimera edición
260 _aBogotá :
_bPanamericana : The World Bank,
_c©2008
300 _a39 páginas :
_bilustraciones en blanco y negro ;
_c 21 cm.
490 _aMundo Manga
500 _aRecomendado para mayores de 15 años.
520 _aRei, un huérfano de quince años, sobrevive gracias a su ingenio y su instinto en las terribles calles del mundo. Su suerte cambia cuando conoce a un misterioso extraño que le ofrece su ayuda para que consiga si sueño de convertirse en el mejor luchador…
650 1 4 _aNovela gráfica
_95630
942 _2ddc
_cBK